Las medidas precautorias
Salvato in:
| Autore principale: | |
|---|---|
| Natura: | Libro |
| Lingua: | spagnolo |
| Pubblicazione: |
Concepción
Librotec
1965
|
| Soggetti: | |
| Tags: |
Aggiungi Tag
Nessun Tag, puoi essere il primo ad aggiungerne!!
|
MARC
| LEADER | 00000nam a2200000 a 4500 | ||
|---|---|---|---|
| 001 | UCR4225 | ||
| 003 | CL-VaPUC | ||
| 008 | 980307e19650000CL |||||||||||||||||spa|d | ||
| 082 | 0 | 4 | |a 347.07 |b ROJ |2 21 |
| 100 | 0 | |a Rojas Rodríguez, Mario |e author |9 403991 | |
| 245 | 1 | 4 | |a Las medidas precautorias |
| 300 | |a 317 p | ||
| 942 | |c BK | ||
| 945 | |d 19980307 00:00:00 |a cmena | ||
| 260 | |a Concepción |b Librotec |c 1965 | ||
| 500 | |a Donación sucesión Carlos Garcés Dellinger | ||
| 650 | 0 | |a Donación |9 255016 | |
| 650 | 0 | |a Procedimiento civil |9 254870 | |
| 650 | 0 | |a Derecho procesal penal |9 255496 | |
| 650 | 0 | |a Medidas precautorias |9 258722 | |
| 650 | 0 | |a Medidas prejudiciales |9 335372 | |
| 650 | 0 | |a Recursos procesales |9 255595 | |
| 651 | 7 | |a CHILE |2 CL-VaPUC |9 403992 | |
| 583 | |a last modification |c 19980307 00:00:00 |k Rodrigo Vera | ||
| 999 | |c 267175 |d 267173 | ||
| 952 | |0 0 |1 0 |4 0 |6 347_070000000000000_ROJ_1965 |7 0 |8 P |9 299391 |a BIBDER |b BIBDER |d 2019-11-20 |i 3975398 |o 347.07 ROJ 1965 |p 3975398 |r 2023-01-25 |w 2019-11-20 |y BK |k DER | ||